000 00250nam a2200097Ia 4500
001 726909
005 20250826163438.0
008 250824s9999 xx 000 0 und d
245 0 _aBENDEN SONRA MUTLULUK
_cÖZDEMİR ASAF
260 _bYAPI KREDİ YAYINLARI
999 _c726909
_d726909